[Event "Krasnodar Region-ch"]
[Site "Krasnodar"]
[Date "2010.10.18"]
[Round "3"]
[White "Furtuna, Alexei"]
[Black "Bryzgalin, Kirill"]
[Result "1/2-1/2"]
[WhiteElo "2318"]
[BlackElo "2490"]
[PlyCount "76"]
[EventDate "2010.10.16"]
[EventType "swiss"]
[EventRounds "9"]
[EventCountry "RUS"]
[SourceTitle "EXT 2022"]
[Source "ChessBase"]
[SourceDate "2021.10.06"]
[SourceVersion "1"]
[SourceVersionDate "2021.10.06"]
[SourceQuality "1"]

1. d4 d5 2. Nf3 Nf6 3. c4 c6 4. Nc3 a6 5. c5 g6 6. h3 Qc7 7. Bg5 Bg7 8. e3 Bf5 9. Bf4 Qc8 10. Na4 Nbd7 11. Ne5 h6 12. g4 Be6 13. Bd3 0-0 14. Qc2 Qe8 15. 0-0-0 Nxe5 16. Bxe5 Nd7 17. Bxg7 Kxg7 18. f4 f6 19. Bxg6 Qxg6 20. f5 Qg5 21. Qf2 Kf7 22. Rdg1 Bxf5 23. h4 Qxg4 24. Rxg4 Bxg4 25. Qf4 h5 26. e4 e5 27. Qe3 dxe4 28. Qxe4 Kg7 29. Nb6 Nxb6 30. cxb6 Rae8 31. dxe5 Rxe5 32. Qd4 Rfe8 33. Rf1 R8e7 34. Qd6 R5e6 35. Qd8 Re4 36. b3 Re2 37. Qd4 R2e5 38. Qd6 R5e6 1/2-1/2

[Event "Krasnodar Region-ch"]
[Site "Krasnodar"]
[Date "2010.10.17"]
[Round "2"]
[White "Kiriushin, Vladimir"]
[Black "Furtuna, Alexei"]
[Result "0-1"]
[WhiteElo "2183"]
[BlackElo "2318"]
[PlyCount "76"]
[EventDate "2010.10.16"]
[EventType "swiss"]
[EventRounds "9"]
[EventCountry "RUS"]
[SourceTitle "EXT 2022"]
[Source "ChessBase"]
[SourceDate "2021.10.06"]
[SourceVersion "1"]
[SourceVersionDate "2021.10.06"]
[SourceQuality "1"]

1. d4 Nf6 2. c4 c5 3. d5 b5 4. cxb5 a6 5. b6 d6 6. Nc3 Nbd7 7. e4 g6 8. a4 a5 9. Nf3 Bg7 10. Bb5 0-0 11. 0-0 Nxb6 12. Nd2 e6 13. Nb3 exd5 14. exd5 Bb7 15. Bc6 Qc8 16. Qf3 Bxc6 17. dxc6 d5 18. Nxc5 Qxc6 19. Nb3 Ne4 20. Nb5 Qc4 21. Qe3 Nxa4 22. N3d4 Nac5 23. f3 Nd6 24. Nxd6 Qxd4 25. Kh1 Qxe3 26. Bxe3 Nd3 27. Rfd1 Nxb2 28. Rxd5 a4 29. Bd4 Rfd8 30. Bxg7 Kxg7 31. h4 Nc4 32. Rad1 Nxd6 33. Rxd6 Rxd6 34. Rxd6 a3 35. Rd1 a2 36. Ra1 Kf6 37. Kg1 Ke5 38. Kf2 Kd4 0-1

[Event "Krasnodar Region-ch"]
[Site "Krasnodar"]
[Date "2010.10.16"]
[Round "1"]
[White "Furtuna, Alexei"]
[Black "Lugovskoy, Maxim"]
[Result "1-0"]
[WhiteElo "2318"]
[BlackElo "2143"]
[PlyCount "71"]
[EventDate "2010.10.16"]
[EventType "swiss"]
[EventRounds "9"]
[EventCountry "RUS"]
[SourceTitle "EXT 2022"]
[Source "ChessBase"]
[SourceDate "2021.10.06"]
[SourceVersion "1"]
[SourceVersionDate "2021.10.06"]
[SourceQuality "1"]

1. e4 e6 2. d3 d5 3. Qe2 Be7 4. Nf3 Nf6 5. g3 b6 6. e5 Nfd7 7. Bg2 c5 8. 0-0 Bb7 9. c4 d4 10. h4 h6 11. Re1 Nc6 12. Nbd2 g5 13. h5 Qc7 14. g4 0-0-0 15. a3 a5 16. Rb1 Bf8 17. Ne4 Ncxe5 18. Nxe5 Qxe5 19. Qf3 Kb8 20. Qxf7 Bd6 21. Qf3 Rhf8 22. Qh3 Nf6 23. Bd2 Nxe4 24. Bxe4 Qf6 25. Qf1 Bxe4 26. Rxe4 Qf3 27. b4 Bf4 28. Be1 cxb4 29. axb4 a4 30. Ra1 Rf6 31. Rxa4 Rdf8 32. Qg2 Qd1 33. Ra6 Be3 34. Rxe3 Kc7 35. Ra7+ Kd6 36. Rxe6+ 1-0

[Event "Ciocaltea Memorial"]
[Site "Bucharest"]
[Date "2003.03.16"]
[Round "13"]
[White "Czebe, Attila"]
[Black "Furtuna, Alexei"]
[Result "1-0"]
[WhiteElo "2466"]
[BlackElo "2415"]
[PlyCount "83"]
[EventDate "2003.03.04"]
[EventType "tourn"]
[EventRounds "13"]
[EventCountry "ROU"]
[EventCategory "9"]
[SourceTitle "CBM 094"]
[Source "ChessBase"]
[SourceDate "2003.05.26"]
[SourceVersion "1"]
[SourceVersionDate "2003.05.26"]
[SourceQuality "1"]

1. e4 c5 2. Nf3 e6 3. d3 Nc6 4. g3 Nf6 5. Bg2 d6 6. 0-0 Be7 7. Re1 0-0 8. c3 Bd7 9. d4 cxd4 10. cxd4 d5 11. exd5 Nxd5 12. Nc3 Nxc3 13. bxc3 Rc8 14. Rb1 b6 15. Qd3 Bf6 16. Qa6 Re8 17. Bf4 h6 18. Red1 Na5 19. Qxa7 Ba4 20. Rdc1 b5 21. Nd2 Be7 22. Nb3 Nc4 23. Bb7 Ba3 24. Bxc8 Bxc1 25. Bxe6 Rxe6 26. Rxc1 Qd5 27. Nc5 Re2 28. Qb8+ Kh7 29. Qb7 Qh5 30. Nd7 Qf3 31. Rf1 g5 32. Be5 Nd2 33. Qc8 Bc2 34. Qh8+ Kg6 35. Qg7+ Kh5 36. Nf6+ Qxf6 37. Qxf6 Be4 38. Qxf7+ Kg4 39. Qe6+ Kh5 40. g4+ Kh4 41. Qxh6+ Kxg4 42. h3+ 1-0

[Event "Ciocaltea Memorial"]
[Site "Bucharest"]
[Date "2003.03.15"]
[Round "12"]
[White "Furtuna, Alexei"]
[Black "Manolache, Marius"]
[Result "1-0"]
[WhiteElo "2415"]
[BlackElo "2430"]
[PlyCount "83"]
[EventDate "2003.03.04"]
[EventType "tourn"]
[EventRounds "13"]
[EventCountry "ROU"]
[EventCategory "9"]
[SourceTitle "CBM 094"]
[Source "ChessBase"]
[SourceDate "2003.05.26"]
[SourceVersion "1"]
[SourceVersionDate "2003.05.26"]
[SourceQuality "1"]

1. d4 Nf6 2. c4 c5 3. d5 g6 4. Nc3 Bg7 5. e4 0-0 6. Nge2 d6 7. Ng3 e6 8. Be2 Ne8 9. Be3 exd5 10. cxd5 Nc7 11. Qd2 b5 12. 0-0 b4 13. Nd1 Nd7 14. Bh6 Qf6 15. Bxg7 Qxg7 16. Ne3 Nb6 17. a4 a5 18. b3 h5 19. Bd3 h4 20. Ne2 Re8 21. Rac1 Ra7 22. f4 Ba6 23. Rf3 c4 24. bxc4 Nxa4 25. f5 Nc5 26. f6 Qh6 27. Rf4 Bc8 28. Rcf1 N7a6 29. Nd4 Nxd3 30. Qxd3 Nc5 31. Qb1 b3 32. Nc6 Ra8 33. Ne7+ Kf8 34. Qe1 g5 35. R4f3 Nxe4 36. N3f5 Bxf5 37. Rxf5 Nxf6 38. Rxf6 Qg7 39. Rxf7+ Qxf7 40. Rxf7+ Kxf7 41. Qe6+ Kg7 42. Qg6+ 1-0

[Event "Ciocaltea Memorial"]
[Site "Bucharest"]
[Date "2003.03.12"]
[Round "9"]
[White "Furtuna, Alexei"]
[Black "Lemmers, Oscar"]
[Result "0-1"]
[WhiteElo "2415"]
[BlackElo "2444"]
[PlyCount "112"]
[EventDate "2003.03.04"]
[EventType "tourn"]
[EventRounds "13"]
[EventCountry "ROU"]
[EventCategory "9"]
[SourceTitle "CBM 094"]
[Source "ChessBase"]
[SourceDate "2003.05.26"]
[SourceVersion "1"]
[SourceVersionDate "2003.05.26"]
[SourceQuality "1"]

1. e4 c5 2. Nf3 e6 3. d4 cxd4 4. Nxd4 a6 5. Nc3 Qc7 6. Bd3 Bc5 7. Be3 Nf6 8. 0-0 d6 9. Qe2 0-0 10. f4 b5 11. Nd1 Bb7 12. Nf2 Qb6 13. c3 Nc6 14. Rad1 e5 15. fxe5 dxe5 16. Nf5 Bxe3 17. Nxe3 Ne7 18. c4 bxc4 19. Nxc4 Qc5 20. b4 Qc7 21. Rc1 Nc6 22. Qe3 Qe7 23. a3 Rad8 24. Nd1 Rd4 25. Nc3 Rfd8 26. Be2 Qe6 27. b5 axb5 28. Nxb5 Nxe4 29. Nxd4 exd4 30. Qf4 d3 31. Bg4 Qe7 32. Ne3 g6 33. Bf3 f5 34. Kh1 Ne5 35. Nc4 d2 36. Rc2 Nxf3 37. Nxd2 Rxd2 38. Rxd2 Nfxd2 39. Rc1 Qd6 40. Qxd6 Nxd6 41. Rc7 N2c4 42. a4 Ne3 43. a5 Bxg2+ 44. Kg1 Be4 45. Kf2 Nec4 46. a6 Nb6 47. Re7 g5 48. Re6 Nbc8 49. a7 Kf7 50. Rh6 Kg7 51. Re6 f4 52. Ke1 Bh1 53. Re5 Kf6 54. Ra5 Nb6 55. Kf2 Na8 56. Kg1 Be4 0-1

[Event "Ciocaltea Memorial"]
[Site "Bucharest"]
[Date "2003.03.08"]
[Round "5"]
[White "Furtuna, Alexei"]
[Black "Ionescu, Constantin"]
[Result "1/2-1/2"]
[WhiteElo "2415"]
[BlackElo "2473"]
[PlyCount "42"]
[EventDate "2003.03.04"]
[EventType "tourn"]
[EventRounds "13"]
[EventCountry "ROU"]
[EventCategory "9"]
[SourceTitle "CBM 094"]
[Source "ChessBase"]
[SourceDate "2003.05.26"]
[SourceVersion "1"]
[SourceVersionDate "2003.05.26"]
[SourceQuality "1"]

1. e4 c5 2. Nf3 e6 3. d4 cxd4 4. Nxd4 a6 5. Bd3 Nf6 6. 0-0 d6 7. c4 b6 8. Nc3 Bb7 9. b3 g6 10. Bb2 Bg7 11. Qe2 Nbd7 12. Rad1 0-0 13. Bb1 Qc7 14. Kh1 Rad8 15. Nf3 Rfe8 16. Qd2 Nc5 17. Rfe1 Ng4 18. h3 Bh6 19. Qe2 Ne5 20. Bc1 Bxc1 21. Rxc1 Nxf3 1/2-1/2

[Event "Kishinev ULIM Cup"]
[Site "Kishinev"]
[Date "2001.10.15"]
[Round "9"]
[White "Nevednichy, Boris M"]
[Black "Furtuna, Alexei"]
[Result "1-0"]
[WhiteElo "2311"]
[BlackElo "2234"]
[PlyCount "87"]
[EventDate "2001.10.07"]
[EventType "swiss"]
[EventRounds "9"]
[EventCountry "MDA"]
[SourceTitle "EXT 2002"]
[Source "ChessBase"]
[SourceDate "2001.11.25"]
[SourceVersion "1"]
[SourceVersionDate "2001.11.25"]
[SourceQuality "1"]

1. e4 e5 2. Nf3 Nc6 3. Bc4 Nf6 4. d3 Be7 5. 0-0 0-0 6. Bb3 d6 7. c3 h6 8. Nbd2 Re8 9. h3 Bf8 10. Nh2 d5 11. Re1 Be6 12. Qf3 Qd7 13. Ndf1 dxe4 14. dxe4 Bxb3 15. axb3 Qe6 16. b4 a6 17. Ne3 Rad8 18. Nhg4 Nxg4 19. hxg4 Rd3 20. Qe2 Rd7 21. g3 Be7 22. b5 axb5 23. Qxb5 b6 24. Nd5 Red8 25. Qe2 Bg5 26. Bxg5 hxg5 27. Red1 Ne7 28. Nxc7 Qb3 29. Rxd7 Rxd7 30. Qb5 Rd1+ 31. Rxd1 Qxd1+ 32. Kg2 Kh7 33. Qxe5 Ng6 34. Qxg5 Qc2 35. Qf5 Qxb2 36. Nd5 Kg8 37. g5 b5 38. Qd7 Qe2 39. Ne3 Nf8 40. Qe8 Qd2 41. Nf5 g6 42. Nh6+ Kg7 43. Qxf7+ Kh8 44. Qg8# 1-0

[Event "Kishinev ULIM Cup"]
[Site "Kishinev"]
[Date "2001.10.14"]
[Round "8"]
[White "Furtuna, Alexei"]
[Black "Fingerov, Dmitry"]
[Result "0-1"]
[WhiteElo "2234"]
[BlackElo "2419"]
[PlyCount "52"]
[EventDate "2001.10.07"]
[EventType "swiss"]
[EventRounds "9"]
[EventCountry "MDA"]
[SourceTitle "EXT 2002"]
[Source "ChessBase"]
[SourceDate "2001.11.25"]
[SourceVersion "1"]
[SourceVersionDate "2001.11.25"]
[SourceQuality "1"]

1. e4 e6 2. d4 d5 3. Nd2 Nf6 4. e5 Nfd7 5. f4 c5 6. Ngf3 cxd4 7. Nxd4 Nxe5 8. Nxe6 Bxe6 9. fxe5 Nc6 10. Nf3 Bc5 11. Qd3 Qb6 12. Qb5 Bf2+ 13. Kd1 0-0-0 14. Qxb6 Bxb6 15. Bg5 Rde8 16. Bb5 Bg4 17. Bf4 Re6 18. Kd2 Bxf3 19. gxf3 Bd4 20. c3 Bxe5 21. Be3 d4 22. cxd4 Bxd4 23. Rhe1 Rd8 24. Bd3 Bxb2 25. Rab1 Nb4 26. Rxb2 Rxd3+ 0-1

[Event "Kishinev ULIM Cup"]
[Site "Kishinev"]
[Date "2001.10.11"]
[Round "5"]
[White "Wagener, Anna"]
[Black "Furtuna, Alexei"]
[Result "0-1"]
[WhiteElo "2203"]
[BlackElo "2234"]
[PlyCount "150"]
[EventDate "2001.10.07"]
[EventType "swiss"]
[EventRounds "9"]
[EventCountry "MDA"]
[SourceTitle "EXT 2002"]
[Source "ChessBase"]
[SourceDate "2001.11.25"]
[SourceVersion "1"]
[SourceVersionDate "2001.11.25"]
[SourceQuality "1"]

1. e4 e5 2. Nf3 Nc6 3. Bb5 a6 4. Ba4 Nf6 5. Bxc6 dxc6 6. d3 Bd6 7. Nbd2 0-0 8. b3 Re8 9. Bb2 Nh5 10. 0-0 Nf4 11. Nc4 Bg4 12. Ne3 Bh5 13. Nf5 Qf6 14. Kh1 c5 15. Qd2 Ne6 16. Qe3 Bg4 17. Nxd6 cxd6 18. Nd2 b5 19. f3 Bh5 20. g3 Nd4 21. Rac1 Qe6 22. c3 Nc6 23. f4 f5 24. Rce1 exf4 25. Qxf4 Ne5 26. Qe3 fxe4 27. Qxe4 Bg6 28. Qg2 Bxd3 29. Rf3 c4 30. bxc4 bxc4 31. Ba3 Rab8 32. Rfe3 Rb5 33. Nf3 Nxf3 34. Qxf3 Re5 35. Rxe5 dxe5 36. Bc5 h6 37. Bd4 e4 38. Qf4 Re7 39. Kg1 Kh7 40. g4 Rf7 41. Qg3 Qg6 42. Be3 Rf3 43. Qg2 Qf6 44. Bd4 Qf4 45. a3 e3 46. Be5 Qf7 47. Bd4 e2 48. Bf2 Rf4 49. Qg3 Rf3 50. Qg2 Qf4 51. h4 Kg6 52. Ra1 Bc2 53. Re1 Bd1 54. h5+ Kh7 55. Bh4 Rf1+ 56. Rxf1 exf1R+ 57. Qxf1 Qxg4+ 58. Qg2 Qxg2+ 59. Kxg2 Bxh5 60. Be7 Kg6 61. Bf8 Kf7 62. Bc5 g5 63. a4 Bd1 64. a5 Kf6 65. Be3 Kf5 66. Bd4 h5 67. Bb6 h4 68. Bd8 Bc2 69. Be7 Be4+ 70. Kh2 Kg4 71. Bd8 Kh5 72. Bc7 g4 73. Bd8 g3+ 74. Kh3 Bf5+ 75. Kg2 Kg4 0-1